Bilecik Bilecik Bilecik Bilecik Bilecik

Mitteliranische Handschriften : (Record no. 65539)

MARC details
000 -BAŞLIK
Sabit Uzunluktaki Kontrol Alanı 01632nam a22004217a 4500
001 - KONTROL NUMARASI
Control Dosyası 0065223
003 - KONTROL NUMARASI KİMLİĞİ
Kontrol Alanı KOHA_MİRAKIL
005 - EN SON İŞLEM TARİHİ ve ZAMANI
Kontrol Alanı 20260207004552.0
007 - FİZİKSEL TANIM SABİT ALAN - GENEL BİLGİ
Sabit uzunluklu kontrol alanı ta
008 - SABİT UZUNLUKTAKİ VERİ ÖGELERİ - GENEL BİLGİ
Sabit Alan 191226b2016 ge |||grc|||#0|||0|ger |
020 ## - ISBN - ULUSLARARASI STANDART KİTAP NUMARASI
Isbn 9783515113564
040 ## - KATALOGLAMA KAYNAĞI
Özgün Kataloglama Kurumu TR-BiSEU
Kataloglama Dili tur
Çeviri Kurumu TR-BiSEU
Açıklama Kuralları rda
041 0# - DİL KODU
Metin ya da ses kaydının dil kodu ger
044 ## - YAYINLAYAN/ÜRETEN KURULUŞUN ÜLKE KODU
ISO country code ge
050 ## - SINIFLAMA ve YER NUMARASI
Sınıflama Numarası Z6605.O7
Yer Numarası R43 2016
100 1# - KİŞİ ADI
Yazar Adı (Kişi adı) Reck, Christiane.
245 1# - ESER ADI BİLDİRİMİ
Başlık Mitteliranische Handschriften :
Alt Eseradı vb. Teil 2: Berliner Turfanfragmente buddhistischen Inhalts in soghdischer Schrift/
Sorumluluk Bildirimi Christiane Reck ; Christiane Reck.
264 #1 - ÜRERİM, YAYIN, DAĞITIM ve TELİF BİLDİRİMİ
Yayın yeri Stuttgart :
Yayınlayan Franz Steiner Verlag
Yayın tarihi 2016
300 ## - FİZİKSEL TANIMLAMA
Sayfa, Cilt vb. volume ;
Boyutları 29 cm.
336 ## - İÇERİK TÜRÜ
Content type term metin
Content type code txt
Source rdacontent
337 ## - MEDYA TÜRÜ
Media type term aracısız
Media type code n
Source rdamedia
338 ## - TAŞIYICI TÜRÜ
Carrier type term cilt
Carrier type code nc
Source rdacarrier
500 ## - GENEL NOT
Genel Not Includes bibliographical references and indexes.
650 #0 - KONU BAŞLIĞI EK GİRİŞ - KONU TERİMİ
Konusal terim veya coğrafi ad Turfansammlung--Catalogs.
9 (RLIN) 122030
650 #0 - KONU BAŞLIĞI EK GİRİŞ - KONU TERİMİ
Konusal terim veya coğrafi ad Iranian languages, Middle--Texts--Catalogs
9 (RLIN) 122381
650 #0 - KONU BAŞLIĞI EK GİRİŞ - KONU TERİMİ
Konusal terim veya coğrafi ad Manuscripts, Persian--Germany--Catalogs.
9 (RLIN) 122382
650 #0 - KONU BAŞLIĞI EK GİRİŞ - KONU TERİMİ
Konusal terim veya coğrafi ad Manuscripts, Sogdian--Germany--Catalogs.
9 (RLIN) 122383
650 #0 - KONU BAŞLIĞI EK GİRİŞ - KONU TERİMİ
Konusal terim veya coğrafi ad Manichaeism--History--Sources--Catalogs.
9 (RLIN) 122384
650 #0 - KONU BAŞLIĞI EK GİRİŞ - KONU TERİMİ
Konusal terim veya coğrafi ad Manuscripts, Turkic--Germany--Catalogs.
9 (RLIN) 122385
650 #0 - KONU BAŞLIĞI EK GİRİŞ - KONU TERİMİ
Konusal terim veya coğrafi ad Turfansammlung--Kataloglar.
9 (RLIN) 122386
650 #0 - KONU BAŞLIĞI EK GİRİŞ - KONU TERİMİ
Konusal terim veya coğrafi ad İran dilleri, Orta--Metinler--Kataloglar
9 (RLIN) 122387
650 #0 - KONU BAŞLIĞI EK GİRİŞ - KONU TERİMİ
Konusal terim veya coğrafi ad Yazılar, Farsça--Almanya--Kataloglar.
9 (RLIN) 122388
650 #0 - KONU BAŞLIĞI EK GİRİŞ - KONU TERİMİ
Konusal terim veya coğrafi ad Elyazmaları, Soğdyan--Almanya--Kataloglar.
9 (RLIN) 122389
650 #0 - KONU BAŞLIĞI EK GİRİŞ - KONU TERİMİ
Konusal terim veya coğrafi ad Maniheizm--Tarih--Kaynaklar--Kataloglar.
9 (RLIN) 122390
650 #0 - KONU BAŞLIĞI EK GİRİŞ - KONU TERİMİ
Konusal terim veya coğrafi ad El Yazmaları, Türk--Almanya--Kataloglar.
9 (RLIN) 122391
907 ## - LOCAL DATA ELEMENT G, LDG (RLIN)
a Katalog
942 ## - EK GİRİŞ ÖGELERİ (KOHA)
Source of classification or shelving scheme Library of Congress Classification
Koha item type Book
Holdings
Materyal Türü Kalıcı Konum Mevcut Konum Raf Yeri Sınıflandırma Kaynağı Edinim Bilgisi Ana Konular Alt Konular Yer Numarası Cilt Bilgisi Demirbaş Numarası Fatura Tarihi Geri Çekilme Durumu Kayıp Durumu Hasarlı Durumu Kredi için değil Kayıt Tarih Toplam Ödünçverme Son Görülme Tarihi Son Kontrol Tarihi
Book Prof. Dr. Azmi Özcan Kütüphanesi Prof. Dr. Azmi Özcan Kütüphanesi Uluğbey Salonu Library of Congress Classification Satın BİBLİYOGRAFYA, KÜTÜPHANE BİLİMİ Kitaplar (Genel), Yazı, Kütüphaneler, Bibliyografya Z6605.O7 R43 2016 v.2 0065223 02/02/2026         26/12/2019   05/03/2025 05/03/2025